If Presidents Were Dogs Quiz Stats

Quiz Updated Jun 19, 2014

Challenge
Share
Tweet
Embed
Score 0/22 Timer 05:00
1 Play Today
Canine Characterization Manly Moniker % Correct
Despite rumors, did not have wooden canines (or incisors)George Washington
90.5%
Ended cold war that had waged with Russian Spaniels and Siberian HuskiesRonald Reagan
82.9%
Barked softly, but carried a big stick (presumably in his mouth)Teddy Roosevelt
80.5%
Preserved the pack and freed all dogs regardless of their furAbraham Lincoln
79.9%
Famously barked, 'Ich bin ein German Shepherd.'John F. Kennedy
79.5%
'Read my snout: no new leashes!'George H.W. Bush
71.6%
First occupant of big White dog HouseJohn Adams
71.4%
Made huge land purchase from militaristic Poodle, thereby opening west for many dog parksThomas Jefferson
67.4%
Bulldog/St. Bernard mix that got stuck in the doghouse bathtubWilliam Howard Taft
65.8%
Would sit, play dead and roll over in his grave if he knew his name had been usurped by a famous catJames A. Garfield
62.8%
Helped found the Humane Society of Nations with his 14 paw planWoodrow Wilson
60.6%
Canine Characterization Manly Moniker % Correct
Chased squirrels with Stal-hound and ChowChow at YaltaFranklin D. Roosevelt
58%
Author of 'Dogs from my father' and 'The Audacity of Hounds.'Barack Obama
56.8%
Fled when English Foxhounds burned big White dog HouseJames Madison
56.7%
Barked too long in cold weather and had to be put downWilliam Henry Harrison
54.5%
Known for slogan, 'The bark stops here.'Harry S. Truman
50.7%
A loyal companion: defended his fellow canine in famous 'Checkers' speechRichard M. Nixon
49.7%
Promised a 'chew toy in every pot.'Herbert Hoover
47.6%
Had his campaign portayed in, 'Primary Collies.'Bill Clinton
45.7%
Nicknamed 'Silent Cairn' he hardly howled at allCalvin Coolidge
43.1%
Brought to heel by Teapot Bone scandalWarren G. Harding
34.4%
While other dogs were sniffing each other freely, he only sniffed at other dogs in his heartJimmy Carter
34.1%

You're not logged in!

Compare scores with friends on all Sporcle quizzes.
Sign Up with Email
OR
Log In

You Might Also Like...

Show Comments

Extras

Top Quizzes Today


Score Distribution

Your Account Isn't Verified!

In order to create a playlist on Sporcle, you need to verify the email address you used during registration. Go to your Sporcle Settings to finish the process.